000 00432nam a2200169 a 4500
001 0000-8842
003 ELIB.Books
008 110520 1951
035 _a(ELIB.Books)0000-8988
082 _aB
_bDou
100 _aDouglas, Lois Smith
245 _aThrough Heaven's Back Door
260 _bTexas: The Baylor University Press
_c1951
650 _aBiography
942 _2ddc
_cBK
998 _cbat
_e2011-05-20
999 _c8842
_d8842